K úlohe Medzinárodného mnenového fondu vo vývoji medzinárodného menového systému habilitačná práca

Enregistré dans:
Détails bibliographiques
Auteur principal: Onduš, Michal
Collectivité auteur: Vysoká škola ekonomická v Bratislave
Format: Livre
Langue:slovaque
Publié: Bratislava 1978
Sujets:
Tags: Ajouter un tag
Pas de tags, Soyez le premier à ajouter un tag!

MARC

LEADER 00000nam a2200000 4500
001 c110809
005 20250908112202.1
041 0 |a slo 
044 |a SK 
245 1 0 |a K úlohe Medzinárodného mnenového fondu vo vývoji medzinárodného menového systému  |b habilitačná práca  |c Michal Onduš 
264 1 |a Bratislava  |c 1978 
300 |a 206 s. 
610 2 0 |a Medzinárodný menový fond 
610 2 0 |a kríza menová 
610 2 0 |a keynesizmus 
610 2 0 |a parita menová 
610 2 0 |a sústava menová 
610 2 0 |a kurz menový 
610 2 0 |a kapitalizmus 
610 2 0 |a socializmus 
100 1 |a Onduš, Michal 
710 2 |a Vysoká škola ekonomická v Bratislave